[Event "60th ch-RUS Higher League"]
[Site "Krasnoyarsk RUS"]
[Date "2007.09.13"]
[Round "10"]
[White "Chuprov,D"]
[Black "Grigoriants,S RUS"]
[Result "1-0"]
[WhiteElo "2554"]
[BlackElo "2591"]
[EventDate "2007.09.03"]

1. e4 c5 2. Nc3 e6 3. Nf3 d6 4. g3 Nc6 5. Bg2 Nf6 6. O-O Be7 7. d4 cxd4 8.
Nxd4 Bd7 9. Re1 Qb8 10. a4 O-O 11. a5 Nxd4 12. Qxd4 Qc7 13. e5 dxe5 14.
Qxe5 Bd6 15. Qe2 a6 16. Bg5 Rac8 17. Bxf6 gxf6 18. Qg4+ Kh8 19. Qh4 Be5 20.
Ne4 Kg7 21. c3 f5 22. Qg5+ Kh8 23. Nf6 Bxf6 24. Qxf6+ Kg8 25. g4 Qd8 26.
Qxd8 Rcxd8 27. gxf5 exf5 28. Bxb7 Rb8 29. Bxa6 Rxb2 30. Reb1 Rxb1+ 31. Rxb1
Ra8 32. Rb6 Kf8 33. Bb5 1-0

[Event "60th ch-RUS Higher League"]
[Site "Krasnoyarsk RUS"]
[Date "2007.09.13"]
[Round "10"]
[White "Landa,K"]
[Black "Makarov,M"]
[Result "1/2-1/2"]
[WhiteElo "2669"]
[BlackElo "2518"]
[EventDate "2007.09.03"]

1. Nf3 d5 2. d4 Nf6 3. c4 c6 4. e3 e6 5. Bd3 dxc4 6. Bxc4 Nbd7 7. O-O Bd6
8. b3 O-O 9. Bb2 Qe7 10. Ne5 c5 11. Nd2 cxd4 12. exd4 Nb6 13. Qf3 Ba3 14.
Bxa3 Qxa3 15. Ne4 Nxe4 16. Qxe4 Nxc4 17. bxc4 f6 18. Nf3 Qd6 19. Rac1 Rb8
20. Rfd1 Bd7 21. h3 Rfe8 22. d5 exd5 23. Qd4 b6 24. Qxd5+ Qxd5 25. cxd5
Rbc8 26. Nd4 Rxc1 27. Rxc1 Rc8 28. Rxc8+ Bxc8 29. Nc6 Kf7 30. Nxa7 Ba6 31.
Nc6 Bc4 32. a3 Bxd5 33. Nd4 g5 34. g3 Ke7 35. Kf1 Bb7 36. Ke2 Bc8 37. h4
gxh4 38. gxh4 Kd6 39. Kd3 Kd5 40. f3 Bd7 41. Nb3 f5 42. Nd4 f4 43. Kc3 Bh3
44. Ne2 Ke5 45. Nc1 Bc8 46. Nd3+ Kf5 47. Kd4 Bb7 48. Ne1 Bc6 49. Kd3 Bb5+
50. Kd4 h6 51. Kd5 Be2 52. Kd4 Ba6 53. Kd5 Be2 1/2-1/2

[Event "60th ch-RUS Higher League"]
[Site "Krasnoyarsk RUS"]
[Date "2007.09.13"]
[Round "10"]
[White "Belov,Vl"]
[Black "Smirnov,P"]
[Result "1/2-1/2"]
[WhiteElo "2590"]
[BlackElo "2636"]
[EventDate "2007.09.03"]

1. e4 c5 2. Nf3 Nc6 3. d4 cxd4 4. Nxd4 Nf6 5. Nc3 e5 6. Ndb5 d6 7. Bg5 a6
8. Na3 b5 9. Nd5 Be7 10. Bxf6 Bxf6 11. c3 O-O 12. Nc2 Rb8 13. h4 Be7 14.
Nce3 Be6 15. Qf3 Qd7 16. Rd1 Bd8 17. h5 h6 18. Bd3 Ne7 19. Bc2 b4 20. O-O
1/2-1/2

[Event "60th ch-RUS Higher League"]
[Site "Krasnoyarsk RUS"]
[Date "2007.09.13"]
[Round "10"]
[White "Yakovich,Yur"]
[Black "Panarin,M"]
[Result "1/2-1/2"]
[WhiteElo "2597"]
[BlackElo "2529"]
[EventDate "2007.09.03"]

1. d4 c6 2. c4 d5 3. Nf3 Nf6 4. e3 g6 5. Nc3 Bg7 6. Be2 O-O 7. O-O a6 8.
Bd2 dxc4 9. Bxc4 Bg4 10. h3 Bxf3 11. Qxf3 Nbd7 12. Rad1 e5 13. Bb3 Qe7 14.
a3 Rad8 15. Na4 exd4 16. exd4 Qe4 17. Qxe4 Nxe4 18. Ba5 Rc8 1/2-1/2

[Event "60th ch-RUS Higher League"]
[Site "Krasnoyarsk RUS"]
[Date "2007.09.13"]
[Round "10"]
[White "Novikov,St"]
[Black "Khismatullin,D"]
[Result "1-0"]
[WhiteElo "2562"]
[BlackElo "2566"]
[EventDate "2007.09.03"]

1. e4 c5 2. Nf3 d6 3. d4 cxd4 4. Nxd4 Nf6 5. Nc3 a6 6. Be3 e5 7. Nb3 Be6 8.
f4 exf4 9. Bxf4 Nc6 10. Qe2 g6 11. h3 Rc8 12. Qe3 Nh5 13. Bg5 Be7 14. Bxe7
Qxe7 15. O-O-O O-O 16. Be2 Nf6 17. g4 b5 18. g5 Nd7 19. h4 Nc5 20. Nxc5
dxc5 21. e5 Rcd8 22. h5 Bf5 23. Nd5 Qxe5 24. Qxe5 Nxe5 25. Ne7+ Kh8 26.
Rxd8 Rxd8 27. Nxf5 gxf5 28. Rf1 Nc6 29. Rxf5 Nd4 30. Re5 c4 31. Bg4 Kg7 32.
c3 Nc6 33. Rc5 Ne7 34. Bf3 f6 35. a4 Rc8 36. h6+ Kg6 37. Be4+ Kh5 38. Rxc8
Nxc8 39. Bxh7 fxg5 40. Bf5 Nd6 41. h7 Nf7 42. Be6 Nh8 43. a5 1-0

[Event "60th ch-RUS Higher League"]
[Site "Krasnoyarsk RUS"]
[Date "2007.09.13"]
[Round "10"]
[White "Kryakvin,D"]
[Black "Volkov,Sergey1"]
[Result "1/2-1/2"]
[WhiteElo "2554"]
[BlackElo "2659"]
[EventDate "2007.09.03"]

1. e4 e6 2. d4 d5 3. Nc3 Nf6 4. e5 Nfd7 5. f4 c5 6. Nf3 Nc6 7. Be3 Qb6 8.
Na4 Qa5+ 9. c3 c4 10. b4 Qc7 11. Be2 Be7 12. O-O O-O 13. Nb2 b5 14. Qb1 a5
15. Ng5 Bxg5 16. fxg5 axb4 17. cxb4 Ra3 18. Bf2 Qa7 19. Kh1 Bb7 20. Nd1 Ra8
21. Qc1 Nxb4 22. Qb2 Nxa2 23. Qxb5 Bc8 24. Qb2 c3 25. Qc2 Nf8 26. Rb1 Ba6
27. Bxa6 Qxa6 28. Ne3 Ra4 29. Bg1 Qa7 30. Nd1 Rc8 31. Nb2 Rb4 32. Nd3 Rxb1
33. Rxb1 Qa6 34. Ra1 Nb4 35. Rxa6 Nxc2 36. Ra2 Nxd4 37. Bxd4 Rc4 38. Bf2 h6
39. gxh6 c2 40. Ra1 Rc3 41. Nc1 gxh6 42. Kg1 Ng6 43. Kf1 Rc4 44. Ke2 Nxe5
45. Ra2 h5 46. Ra3 Kh7 47. Rg3 Ng4 48. Bg1 Nh6 49. Kd2 Nf5 50. Rf3 Nd6 51.
Kd3 e5 52. Rf6 Rc6 53. Rf2 d4 54. Rxc2 e4+ 55. Kd2 Nc4+ 56. Ke2 d3+ 57.
Nxd3 exd3+ 58. Kxd3 Ne5+ 59. Kd2 Rg6 60. Ke3 Rc6 61. Ke4 1/2-1/2

[Event "60th ch-RUS Higher League"]
[Site "Krasnoyarsk RUS"]
[Date "2007.09.13"]
[Round "10"]
[White "Lastin,A"]
[Black "Gavrilov,Al1"]
[Result "1-0"]
[WhiteElo "2583"]
[BlackElo "2512"]
[EventDate "2007.09.03"]

1. e4 e6 2. d4 d5 3. Nd2 c5 4. Ngf3 Nf6 5. e5 Nfd7 6. c3 Nc6 7. Bd3 Qb6 8.
O-O cxd4 9. cxd4 Nxd4 10. Nxd4 Qxd4 11. Nf3 Qb6 12. Qa4 Qb4 13. Qc2 Qc5 14.
Qe2 Be7 15. Be3 Qa5 16. a3 O-O 17. Qc2 h6 18. Rac1 Re8 19. Qe2 Nf8 20. Nd4
Bd7 21. Qg4 f5 22. Qh3 Ng6 23. f4 Rac8 24. Rcd1 Qa4 25. g4 Nxf4 26. Bxf4
Qxd4+ 27. Kh1 Bg5 28. Bxg5 Qxe5 29. Bf4 Qxb2 30. gxf5 exf5 31. Bxh6 gxh6
32. Qxh6 Bc6 33. Rg1+ Kf7 34. Qh7+ Ke6 35. Rg6+ 1-0

[Event "60th ch-RUS Higher League"]
[Site "Krasnoyarsk RUS"]
[Date "2007.09.13"]
[Round "10"]
[White "Shomoev,A"]
[Black "Kurnosov,I"]
[Result "1/2-1/2"]
[WhiteElo "2561"]
[BlackElo "2579"]
[EventDate "2007.09.03"]

1. e4 e5 2. Nf3 Nc6 3. Bb5 Nf6 4. O-O Nxe4 5. d4 Nd6 6. Bxc6 dxc6 7. dxe5
Nf5 8. Qxd8+ Kxd8 9. Nc3 Bd7 10. h3 h6 11. Bd2 c5 12. Rad1 Kc8 13. Nd5 Bc6
14. c4 b5 15. b3 a5 16. Bf4 Kb7 17. cxb5 Bxb5 18. Rfe1 Ne7 19. Nc3 Bc6 20.
Nd2 Nf5 21. Nc4 a4 22. bxa4 Bxa4 23. Rb1+ Kc8 24. Nd5 Bc6 25. Nxc7 Kxc7 26.
e6+ Bd6 27. Nxd6 Nxd6 28. Rbd1 fxe6 29. Rxd6 Ra4 30. Rexe6 Rxf4 31. Rxc6+
Kd7 32. Red6+ Ke7 33. Rg6 Kf7 34. Rg3 Re8 35. Rc7+ Kf8 36. Rgxg7 Re1+ 37.
Kh2 Rxf2 38. Rh7 Kg8 39. Rxh6 Rxa2 40. Rb6 Re8 41. Rxc5 Re7 42. Rg5+ Kf7
43. Rh6 Re1 44. Rf5+ Kg7 45. Rh4 Raa1 46. Rg4+ Kh6 47. Kg3 Ra6 48. Kh4 Rg6
49. Rh5+ Kg7 50. Rhg5 Rxg5 51. Kxg5 Ra1 52. Rf4 Ra3 53. h4 Rg3+ 54. Rg4 Ra3
55. h5 Kh7 56. Kh4 Kh6 57. Rg6+ Kh7 58. g4 Ra4 59. Re6 Rb4 60. Kg5 Rb5+ 61.
Kf4 Rb4+ 62. Kf5 Rb5+ 63. Re5 Rb7 64. g5 Rf7+ 65. Kg4 Rf1 66. Re7+ Kg8 67.
g6 Ra1 68. Kg5 Ra5+ 69. Kf6 Ra6+ 70. Re6 Ra8 71. g7 Kh7 72. Re7 Ra2 73. Kf7
Rf2+ 74. Ke8 Kg8 75. h6 Rf6 76. h7+ Kxh7 77. Rf7 Ra6 1/2-1/2

[Event "60th ch-RUS Higher League"]
[Site "Krasnoyarsk RUS"]
[Date "2007.09.13"]
[Round "10"]
[White "Lysyj,I"]
[Black "Anisimov,P"]
[Result "1/2-1/2"]
[WhiteElo "2578"]
[BlackElo "2482"]
[EventDate "2007.09.03"]

1. d4 Nf6 2. c4 e6 3. Nf3 b6 4. g3 Ba6 5. Qb3 Nc6 6. Nbd2 Na5 7. Qc3 c5 8.
dxc5 bxc5 9. e4 Bb7 10. Bd3 Nc6 11. a3 Qc7 12. O-O Ng4 13. Re1 f6 14. h3
1/2-1/2

[Event "60th ch-RUS Higher League"]
[Site "Krasnoyarsk RUS"]
[Date "2007.09.13"]
[Round "10"]
[White "Kiselev,G"]
[Black "Alavkin,A"]
[Result "1/2-1/2"]
[WhiteElo "2434"]
[BlackElo "2500"]
[EventDate "2007.09.03"]

1. e4 e6 2. d4 d5 3. exd5 exd5 4. Nf3 Nf6 5. Bd3 Bd6 6. O-O O-O 7. Re1 Bg4
8. Bg5 Bh5 9. Nbd2 c6 10. c3 Nbd7 11. Qc2 1/2-1/2

[Event "60th ch-RUS Higher League"]
[Site "Krasnoyarsk RUS"]
[Date "2007.09.13"]
[Round "10"]
[White "Kostin,Alexe"]
[Black "Pevzner,L"]
[Result "0-1"]
[WhiteElo "2434"]
[BlackElo "2395"]
[EventDate "2007.09.03"]

1. e4 c5 2. Nf3 Nc6 3. c3 Nf6 4. e5 Nd5 5. d4 cxd4 6. Bc4 Nb6 7. Bb3 d5 8.
exd6 Qxd6 9. O-O Be6 10. Bxe6 Qxe6 11. Nxd4 Nxd4 12. Qxd4 Rd8 13. Qh4 h5
14. h3 Qc4 15. Qxc4 Nxc4 16. b3 Nd6 17. Be3 a6 18. Bb6 Rd7 19. c4 Rh6 20.
Ba5 g5 21. Nc3 Bg7 22. Rac1 Bxc3 23. Rxc3 g4 24. Rd1 Ne4 25. Rcd3 Rhd6 26.
Rxd6 Rxd6 27. Re1 f5 28. f3 gxf3 29. gxf3 Rg6+ 30. Kh1 Ng5 31. Rg1 Kf7 32.
f4 Nxh3 33. Rf1 e5 34. fxe5 Ke6 35. Bd8 Rg4 36. Bf6 Ng5 37. Rd1 Ne4 38. Kh2
f4 39. Rd8 f3 40. Re8+ Kf7 41. Re7+ Kg6 42. Rg7+ Kf5 43. Rf7 Rg2+ 44. Kh3
Nf2+ 45. Kh4 Kg6 46. Rg7+ Kh6 47. Rg5 Ne4 48. Rxh5+ Kg6 0-1

[Event "60th ch-RUS Higher League"]
[Site "Krasnoyarsk RUS"]
[Date "2007.09.13"]
[Round "10"]
[White "Keosidi,K"]
[Black "Voinov,A"]
[Result "1/2-1/2"]
[WhiteElo "2409"]
[BlackElo "2428"]
[EventDate "2007.09.03"]

1. d4 d5 2. c4 e6 3. Nc3 Nf6 4. cxd5 exd5 5. Bg5 c6 6. Qc2 Be7 7. e3 O-O 8.
Bd3 Nbd7 9. Nf3 Re8 10. O-O Nf8 11. Rae1 Ne4 12. Bxe7 Qxe7 13. Bxe4 dxe4
14. Nd2 f5 1/2-1/2

[Event "60th ch-RUS Higher League"]
[Site "Krasnoyarsk RUS"]
[Date "2007.09.13"]
[Round "10"]
[White "Kremenietsky,AnM"]
[Black "Sidorov,A"]
[Result "0-1"]
[WhiteElo "2353"]
[BlackElo "2438"]
[EventDate "2007.09.03"]

1. d4 Nf6 2. c4 e6 3. Nf3 b6 4. g3 Ba6 5. b3 b5 6. Bg2 Qc8 7. Ne5 Bb7 8.
Bxb7 Qxb7 9. O-O d6 10. Nd3 Nbd7 11. cxb5 Qxb5 12. Nc3 Qb7 13. f3 Be7 14.
e4 Nb6 15. Be3 O-O 16. a4 a5 17. Qd2 Rfc8 18. Rfc1 Nfd7 19. Rab1 c6 20. Qf2
Qa6 21. Qf1 Rab8 22. Bf2 Rb7 23. Rc2 Rd8 24. Rd1 Nb8 25. Na2 N6d7 26. Nac1
d5 27. e5 Qb6 28. f4 Na6 29. Be3 Nb4 30. Nxb4 Bxb4 31. Nd3 Ba3 32. Rc3 g6
33. Qf2 Rc7 34. g4 f5 35. h3 Rdc8 36. Ra1 Be7 37. Rac1 Nb8 38. Nc5 Bxc5 39.
Rxc5 Qxb3 40. Rxa5 Nd7 41. Qd2 Nb6 42. Qc3 Qxc3 43. Rxc3 Nc4 44. Ra6 Rb7
45. Kf2 Kf7 46. Bc1 c5 47. dxc5 Rxc5 48. Be3 Rc8 49. Ra7 Rxa7 50. Bxa7 Ra8
51. Bc5 Ra5 52. Bd4 Rxa4 53. Rb3 Na5 54. Rd3 Nc6 55. Be3 g5 56. Kg3 Nxe5
57. fxe5 f4+ 58. Kg2 fxe3 59. Rxe3 Re4 0-1

[Event "60th ch-RUS Higher League"]
[Site "Krasnoyarsk RUS"]
[Date "2007.09.14"]
[Round "11"]
[White "Vitiugov,N"]
[Black "Kobalia,M"]
[Result "1/2-1/2"]
[WhiteElo "2608"]
[BlackElo "2634"]
[EventDate "2007.09.03"]

1. d4 d5 2. c4 c6 3. Nf3 Nf6 4. Nc3 dxc4 5. a4 e6 6. e3 c5 7. Bxc4 Nc6 8.
O-O cxd4 9. exd4 Be7 10. Be3 O-O 11. Ne5 Bd7 12. Nxd7 Qxd7 13. d5 exd5 14.
Nxd5 Rad8 15. Nxf6+ Bxf6 16. Qxd7 Rxd7 17. Rad1 Rfd8 18. Rxd7 Rxd7 19. Bb5
a6 1/2-1/2

[Event "60th ch-RUS Higher League"]
[Site "Krasnoyarsk RUS"]
[Date "2007.09.14"]
[Round "11"]
[White "Grachev,B"]
[Black "Turov,M"]
[Result "1/2-1/2"]
[WhiteElo "2601"]
[BlackElo "2561"]
[EventDate "2007.09.03"]

1. Nf3 Nf6 2. d4 e6 3. g3 b5 4. Bg2 d5 5. O-O Bb7 6. b3 Nbd7 7. c4 bxc4 8.
bxc4 dxc4 9. Na3 Bd5 10. Ne5 Bxg2 11. Kxg2 Nxe5 12. dxe5 Qd5+ 13. f3 Qxd1
14. Rxd1 Nd5 15. Nxc4 O-O-O 16. e4 Nb6 17. Rxd8+ Kxd8 18. Na5 c5 19. Nc6+
Kc7 20. Nxa7 Be7 21. Nb5+ Kc6 22. Nc3 Rd8 23. Kf2 Rd3 24. Ne2 Nc4 25. f4
Bd8 26. a4 Ba5 27. Ra2 Bb4 28. h4 g6 29. Rc2 Nb6 30. Ra2 Nc4 31. Rc2 Nb6
32. Ra2 Kb7 33. f5 gxf5 34. exf5 exf5 35. Nf4 Rd1 36. Be3 Nd5 37. e6 fxe6
38. Nxe6 c4 39. Ng7 Be1+ 40. Kf3 Nxe3 41. Kxe3 Rd5 42. Rb2+ Kc6 43. Rb8
Bxg3 44. Rc8+ Bc7 45. Ne8 Rd3+ 46. Ke2 Rd7 47. Rxc7+ Rxc7 48. Nxc7 Kxc7 49.
Ke3 f4+ 50. Kxf4 Kb6 51. Ke4 Ka5 52. Kd4 Kb4 53. a5 c3 54. Kd3 Kb3 55. a6
c2 56. a7 c1=Q 57. a8=Q Qd1+ 58. Ke3 Qe1+ 59. Kd3 Qg3+ 60. Ke2 Qxh4 1/2-1/2

[Event "60th ch-RUS Higher League"]
[Site "Krasnoyarsk RUS"]
[Date "2007.09.14"]
[Round "11"]
[White "Makarov,M"]
[Black "Savchenko,B"]
[Result "1-0"]
[WhiteElo "2518"]
[BlackElo "2577"]
[EventDate "2007.09.03"]

1. d4 Nf6 2. c4 e6 3. Nf3 d5 4. Nc3 a6 5. cxd5 exd5 6. Bg5 c6 7. Qc2 g6 8.
Bxf6 Qxf6 9. Nxd5 Qd8 10. Qe4+ Be6 11. Nf4 Qa5+ 12. Kd1 Qf5 13. Qxf5 Bxf5
14. e3 Bd6 15. g3 Nd7 16. Bh3 Be4 17. Ke2 f5 18. Bg2 Bxf4 19. gxf4 Ke7 20.
Rhc1 Rhc8 21. Ne1 Bxg2 22. Nxg2 c5 23. dxc5 Nxc5 24. Rc2 Rc6 25. Rac1 Rac8
26. Ne1 a5 27. Nd3 Nxd3 28. Kxd3 Rd8+ 29. Ke2 Rb8 30. Rxc6 bxc6 31. b3 Kd6
32. Rc4 Kc7 33. Kd3 Rd8+ 34. Rd4 Rb8 35. Kc3 h6 36. h4 Rg8 37. Rd1 g5 38.
fxg5 hxg5 39. hxg5 Rxg5 40. Rd4 Rg1 41. Kb2 Kb6 42. Rf4 Rg5 43. Kc3 c5 44.
Kc4 Kc6 45. a4 Rh5 46. Rf3 Rh4+ 47. Kc3 Rh5 48. Kd3 Kd6 49. Kc4 Kc6 50. Rf4
Rg5 51. Rh4 Rg6 52. Rh5 Rf6 53. f3 Kd6 54. e4 fxe4 55. fxe4 Rf4 56. Rd5+
Ke6 57. Rxc5 Rxe4+ 58. Kd3 Kd6 59. Rxa5 Rg4 60. Kc3 Kc6 61. Rb5 Rh4 62. Kb2
Rg4 63. Ka3 Rh4 64. Rb4 Rh3 65. Rc4+ Kb6 66. Kb4 Rh5 67. Rg4 Kb7 68. Rg7+
Ka6 69. Rg6+ Kb7 70. a5 Rh1 71. Kb5 Rh5+ 72. Ka4 Rh7 73. b4 Rh4 74. Rb6+
Ka7 75. Rc6 Kb7 76. Rd6 Rg4 77. a6+ Kb8 78. Ka5 Rg7 79. b5 Rg8 80. b6 Rg5+
81. Kb4 Rg8 82. Kc5 Rh8 83. Re6 Ka8 84. Kc6 Rg8 85. Kd7 1-0

[Event "60th ch-RUS Higher League"]
[Site "Krasnoyarsk RUS"]
[Date "2007.09.14"]
[Round "11"]
[White "Popov,Iv RUS"]
[Black "Novikov,St"]
[Result "1/2-1/2"]
[WhiteElo "2524"]
[BlackElo "2562"]
[EventDate "2007.09.03"]

1. e4 c5 2. Nf3 d6 3. d4 cxd4 4. Nxd4 Nf6 5. Nc3 Nc6 6. Bc4 e6 7. Be3 Be7
8. Qe2 a6 9. O-O-O O-O 10. Bb3 Nd7 11. f4 Nc5 12. g4 Bd7 13. Kb1 Qe8 14. f5
Nxb3 15. Nxb3 b5 16. f6 Bxf6 17. Rxd6 b4 18. Nc5 Be7 19. Rxd7 Bxc5 20. Bxc5
Qxd7 21. Rd1 Qb7 22. Bxf8 bxc3 23. Ba3 cxb2 24. Qd3 h6 25. Qc3 e5 26. Bd6
Rd8 27. Rd5 f6 28. Qb3 Qf7 29. Bc7 Rxd5 30. Qxd5 Nb4 31. Qb3 Nc6 32. Kxb2
Nd4 33. Qd5 Ne6 34. Bd6 Kh7 35. c4 Qe8 36. Ka3 Qc8 37. Kb4 Nf4 38. Qf7 Qxg4
39. Ka5 Qc8 40. c5 Qc6 41. a4 h5 42. Qc4 h4 43. Qxa6 Qxe4 44. Kb6 Nd5+ 45.
Ka7 Qd4 46. Kb7 Nb4 47. Qb5 e4 48. c6 Qxd6 49. c7 Qe7 50. Kb8 Qd6 51. Qh5+
1/2-1/2

[Event "60th ch-RUS Higher League"]
[Site "Krasnoyarsk RUS"]
[Date "2007.09.14"]
[Round "11"]
[White "Lastin,A"]
[Black "Landa,K"]
[Result "1/2-1/2"]
[WhiteElo "2583"]
[BlackElo "2669"]
[EventDate "2007.09.03"]

1. e4 e5 2. Nf3 Nf6 3. Nxe5 d6 4. Nf3 Nxe4 5. d4 d5 6. Bd3 Nc6 7. O-O Be7
8. c4 Nb4 9. Be2 O-O 10. Nc3 Bf5 11. a3 Nxc3 12. bxc3 Nc6 1/2-1/2

[Event "60th ch-RUS Higher League"]
[Site "Krasnoyarsk RUS"]
[Date "2007.09.14"]
[Round "11"]
[White "Kiriakov,P"]
[Black "Bocharov,D"]
[Result "1/2-1/2"]
[WhiteElo "2541"]
[BlackElo "2605"]
[EventDate "2007.09.03"]

1. d4 d5 2. c4 c6 3. Nf3 Nf6 4. e3 e6 5. Bd3 Nbd7 6. O-O Bd6 7. Nbd2 O-O 8.
e4 dxe4 9. Nxe4 Nxe4 10. Bxe4 h6 11. Bc2 e5 1/2-1/2

[Event "60th ch-RUS Higher League"]
[Site "Krasnoyarsk RUS"]
[Date "2007.09.14"]
[Round "11"]
[White "Vorobiov,E"]
[Black "Kiselev,G"]
[Result "1/2-1/2"]
[WhiteElo "2572"]
[BlackElo "2434"]
[EventDate "2007.09.03"]

1. Nf3 Nf6 2. d4 d5 3. c4 e6 4. Nc3 c5 5. cxd5 Nxd5 6. e4 cxd4 7. Bb5+ Bd7
8. exd5 dxc3 9. dxe6 fxe6 10. Bxd7+ Qxd7 11. Qb3 Qd5 12. bxc3 Qxb3 13. axb3
Be7 14. Ng5 Bf6 15. Ne4 Nc6 16. Be3 O-O 17. Ke2 b6 18. Rhd1 Rfd8 19. h3 Kf7
20. Ng5+ Bxg5 21. Bxg5 Rd5 22. Be3 Rc8 23. c4 Rxd1 24. Rxd1 Rc7 25. Rd3 Ke8
26. Kd2 Rd7 27. Rxd7 Kxd7 28. Kc3 Kc7 29. Bf4+ Kd7 30. Be3 Kc7 31. g4 a6
32. Bf4+ Kd7 33. Be3 b5 34. cxb5 axb5 35. Kd3 e5 36. Ke4 Ke6 37. Bc5 Na5
38. b4 Nb7 39. Bf8 g6 40. f4 exf4 41. Kxf4 Nd8 42. Ke4 Nc6 43. Bc5 Ne5 44.
Bd4 Nc6 45. Bc3 Kd6 46. Bg7 Ke7 47. Bd4 Ke6 48. Bc5 Ne5 49. Bf8 Nc6 50. h4
Ne5 51. Kd4 Nxg4 52. Kc5 Ne3 53. Kxb5 Nd5 54. Kc6 Nxb4+ 1/2-1/2

[Event "60th ch-RUS Higher League"]
[Site "Krasnoyarsk RUS"]
[Date "2007.09.14"]
[Round "11"]
[White "Lintchevski,D"]
[Black "Nechepurenko,R"]
[Result "1/2-1/2"]
[WhiteElo "2451"]
[BlackElo "2510"]
[EventDate "2007.09.03"]

1. e4 c5 2. Nf3 d6 3. d4 cxd4 4. Nxd4 Nf6 5. Nc3 a6 6. Be3 e5 7. Nf3 Be7 8.
Bc4 O-O 9. O-O Nc6 10. Re1 Na5 11. Bf1 Be6 12. Nd5 Bxd5 13. exd5 b5 14. a4
Nc4 15. Bc1 Qd7 16. c3 Rac8 17. Nd2 Nxd2 18. Qxd2 Rc5 19. b4 Rxd5 20. Qa2
e4 21. axb5 axb5 22. Rxe4 Nxe4 23. Qxd5 Nxc3 24. Qd3 Bf6 25. Bb2 Rc8 26.
Bxc3 Bxc3 1/2-1/2